Loading...

The structure of complex words /

Bibliographic Details
Main Author: Empson, William
Format: Printed Book
Language:English
Published: London : Chatto & Windus , c1964.
Subjects:
LEADER 01199cam a2200301 i 4500
008 860930c19791977nju 001 0 eng
010 |a  80105314  
020 |a 0847662071 
035 |a (CStRLIN)NYCG86-B105218 
035 |a (NNC)410101 
035 |a (OCoLC)6036510 
035 |a (OCoLC)ocm06036510 
043 |a e-uk--- 
082 |a 422 EMP/S 
090 |a PE1585  |b .E6 1979 
100 1 |a Empson, William, 
245 1 4 |a The structure of complex words /  |c by William Empson. 
260 |a London :  |b Chatto & Windus ,  |c c1964. 
300 |a xii, 450 p., ;  |c 23 cm. 
500 |a Includes index. 
650 0 |a English language  |x Semantics. 
650 0 |a English literature  |x History and criticism. 
900 |a AUTH 
942 |2 ddc  |c BK 
999 |c 192520  |d 192520 
952 |0 0  |1 0  |4 0  |6 422_000000000000000_EMP_S  |7 0  |9 212463  |a ENG  |b ENG  |c ST1  |d 2015-12-30  |i 11413  |l 0  |o 422 EMP/S  |p ENG11413  |r 2015-12-30  |w 2015-12-30  |y BK 
952 |0 0  |1 0  |4 0  |6 422_000000000000000_EMP_S  |7 0  |9 212464  |a ENG  |b ENG  |c ST1  |d 2015-12-30  |i 14098  |l 0  |o 422 EMP/S  |p ENG14098  |r 2015-12-30  |w 2015-12-30  |y BK 
952 |0 0  |1 0  |4 0  |6 422_000000000000000_EMP_S  |7 0  |9 212465  |a ENG  |b ENG  |c ST1  |d 2015-12-30  |i 3313  |l 0  |o 422 EMP/S  |p ENG3313  |r 2015-12-30  |w 2015-12-30  |y BK